000 00660nam a2200241Ia 4500
003 OSt
005 20221007073023.0
006 a|||||r|||| 00| 0
007 ta
008 221006b |||||||| |||| 00| 0 eng d
024 _a17,197
037 _cTextual
040 _aFLL
_cFLL
_beng
041 _2eng
_aeng
082 _aXM55:8, K6
100 _aAlberts W.W. Au.
_9691777
245 0 _aCorporate merger
260 _aLondon
_bUniversity of chicago press England
_c1966
300 _a287p
_ccm.
700 _a Segall J.E. Au.
_9691778
942 _hXM55:8, K6
_cTEXL
_2CC
999 _c1147511
_d1147511